000 00616nam a2200181Ia 4500
003 GCL
008 140319s9999 xx 000 0 ara d
040 _aGCL /
_cGCL
082 0 4 _a155.916
_bع س
100 1 _aعبدالرحمن سيد سليمان
245 1 0 _aسيكولوجية ذوى الحاجات الخاصة /
_cعبدالرحمن سيد سليمان
260 _aالقاهرة :
_bمكتبة زهراء الشرق
300 _a4 مج ؛
_c24 سم
650 0 4 _aالمعوقون
650 0 4 _aالمعوقون - رعاية وعلاج
650 0 4 _aالمعوقون - علم نفس
942 _2ddc
_cBK
999 _c2244
_d2244